00641cam a22002297a 4500003000500000005001700005008004100022010001000063011001000073035001000083040000900093082001500102100002900117245006600146260002900212300001000241490003700251650003000288650003500318700002100353830003700374CHAP20220329135545.0971013s1980 r 00010 d a38465 a39437 a43558 cCHAP a517.38bM500aMitchell, Andrew Ronald.14aThe finite difference metho in partial differential equations aNew York :bWiley,c1980 a272 p 2aA Wiley-Interscience publication14aEcuaciones diferenciales.14aMétodos finitos elementales.0 aGriffiths, D. F. 2aA Wiley-Interscience publication